|
|
|
|
| LEADER |
00000cam a2200000 7i4500 |
| 001 |
0000035808 |
| 005 |
20130521.0 |
| 008 |
130521 |
| 020 |
|
|
|a 9673716876
|
| 090 |
0 |
0 |
|a 646.404
|b NUR
|
| 100 |
0 |
|
|a Nur Astri Damayanti
|
| 245 |
1 |
0 |
|a Panduan menjahit untuk pemula
|c Nur Astri Damayana; editor Hj. Tati Chusen
|
| 260 |
|
|
|a KL :
|b SynergyMedia ,
|c [s.n]
|
| 440 |
|
|
|a Siri kemahiran wanita
|
| 650 |
|
0 |
|a Sewing
|
| 700 |
0 |
|
|a Hj. Tati Chusen
|
| 999 |
|
|
|a 0001198722
|b Book
|c Adult Collection
|e Cawangan Bandar Tenggara
|
| 999 |
|
|
|a 0001198723
|b Book
|c Adult Collection
|e Cawangan Mersing
|
| 999 |
|
|
|a 0001198728
|b Book
|c Adult Collection
|e Cawangan Pontian
|
| 999 |
|
|
|a 0001198730
|b Book
|c Adult Collection
|e Cawangan Tmn. Ungku Tun Aminah
|
| 999 |
|
|
|a 0001198731
|b Book
|c Adult Collection
|e Cawangan Kota Tinggi
|
| 999 |
|
|
|a 0001198734
|b Book
|c Adult Collection
|e Cawangan Tangkak
|
| 999 |
|
|
|a 0001198735
|b Book
|c Adult Collection
|e Perbadanan Perpustakaan Awam Johor
|
| 999 |
|
|
|a 0001202064
|b Book
|c Adult Collection
|e Cawangan Bandar Penawar
|
| 999 |
|
|
|a 0001202065
|b Book
|c Adult Collection
|e Cawangan Kota Tinggi
|
| 999 |
|
|
|a 0001202066
|b Book
|c Adult Collection
|e Cawangan Bandar Penawar
|
| 999 |
|
|
|a 0001202068
|b Book
|c Adult Collection
|e Cawangan Mersing
|
| 999 |
|
|
|a 0001202072
|b Book
|c Adult Collection
|e Cawangan Segamat
|
| 999 |
|
|
|a 0001202077
|b Book
|c Adult Collection
|e Cawangan Bandar Tenggara
|